000 01591nam a2200373 a 4500
001 000115668
003 CHAP
005 20220329144544.0
008 190620s2018 mx a |sm |||||||spa d
010 _a112129
011 _a113101
040 _cCHAP
090 _aTesis
100 1 _aCruz trujillo, Sandra Karina de la.
_9136231
245 1 3 _aLa migración de niñas, niños y adolecentes no acompañados centroamericanos, en tránsito a Estados Unidos:
_h[En línea]
_bcausas-efectos, vulnerabilidades y riesgos en Chiapas durante el periodo 2010-2016 /
_cpor Sandra Karina de la Cruz Trujillo.
260 _aSan Cristóbal de las Casas, Chiapas, Méx. :
_bEl autor,
_c2018.
500 _aPara ver el contenido del material haga clic en la liga
502 _aTesis (M.C. en Desarrollo Rural Regional) -- UACH. Dirección General de Control Regional
590 _aBATCH-UPD
_b05
_c20190620
_lUCH01
_h1232
590 _aE11695DGD
_b10
_c20190623
_lUCH01
_h1608
590 _aE6339RRR
_b05
_c20190620
_lUCH01
_h1231
590 _aE6339RRR
_b05
_c20190620
_lUCH01
_h1231
590 _aE6339RRR
_b05
_c20190620
_lUCH01
_h1243
590 _aE6339RRR
_b05
_c20190620
_lUCH01
_h1452
590 _aE6339RRR
_b05
_c20190620
_lUCH01
_h1454
650 1 4 _aEmigración e inmigración
_xAbuso del niño.
_9132230
650 1 4 _aEmigrantes e inmigrantes
_zAmérica Central.
_9128717
650 1 4 _aNiños abandonados.
_981372
650 1 4 _aNiños
_xCondiciones sociales.
_9132231
856 _aFinding aid
_uhttp://10.13.5.2/tesis/sist115668.pdf
_zTeclea aquí
901 _aBK
942 _cTESIS
942 _n0
999 _c112129
_d112129